George Washington remembers : reflections on the French and Indian War /

Bibliographic Details
Main Author: Washington, George, 1732-1799
Other Authors: Anderson, Fred, 1949-, Chase, Philander D.
Format: Book
Language:English
Published: Lanham, Md. : Rowman & Littlefield Publishers, [2004]
Subjects:
Online Access:Table of contents

MARC

Tag First Indicator Second Indicator Subfields
LEADER 00000pam a2200000 a 4500
001 in00001831921
005 20151026054428.0
008 030924s2004 mdua b 001 0deng
010 |a  2003021103 
020 |a 0742533727 (hardcover : alk. paper) 
035 |a (OCoLC)ocm53131556 
040 |a DLC  |c DLC  |d UtOrBLW 
043 |a e-uk---  |a n-us--- 
049 |a TXAM 
050 0 0 |a E312.23  |b .W35 2004 
082 0 0 |a 940.2/534  |2 22 
100 1 |a Washington, George,  |d 1732-1799. 
240 1 0 |a Remarks 
245 1 0 |a George Washington remembers :  |b reflections on the French and Indian War /  |c edited by Fred Anderson ; with contributions by Phiander D. Chase [and others]. 
264 1 |a Lanham, Md. :  |b Rowman & Littlefield Publishers,  |c [2004] 
264 4 |c ©2004 
300 |a xiii, 175 pages :  |b illustrations (chiefly color) ;  |c 31 cm. 
336 |a text  |b txt  |2 rdacontent 
337 |a unmediated  |b n  |2 rdamedia 
338 |a volume  |b nc  |2 rdacarrier 
504 |a Includes bibliographical references and index. 
600 1 0 |a Washington, George,  |d 1732-1799. 
651 0 |a United States  |x History  |y French and Indian War, 1754-1763. 
700 1 |a Anderson, Fred,  |d 1949- 
700 1 |a Chase, Philander D. 
856 4 1 |3 Table of contents  |u http://www.loc.gov/catdir/toc/ecip049/2003021103.html  |t 0 
945 |i PromptCat 
948 |a cataloged  |b h  |c 2004/4/27  |d c  |e dmitchel  |f 3:14:06 pm 
994 |a 92  |b TXA 
999 |a MARS 
999 f f |s df43c9e9-93d8-3928-94db-fed7e5a8f296  |i 18980c2c-9743-3979-99f2-7529b26488b2  |t 0 
952 f f |p ric  |a Texas A&M University  |b Rellis Campus  |c Joint Library Facility  |d Remote Storage  |t 0  |e E312.23 .W35 2004  |h Library of Congress classification  |i unmediated -- volume  |m A14831165296 
998 f f |a E312.23 .W35 2004  |t 0  |l Remote Storage